[Event "Invitation"]
[Site "http://www.queenalice.com/game.php?id=119570"]
[Date "2006.10.21"]
[Round "-"]
[White "ribeiroar"]
[Black "gianfelippe"]
[Result "0-1"]
[WhiteElo "1136"]
[BlackElo "1076"]

1. f3 e5 2. e3 d5 3. e4 dxe4 4. fxe4 Bc5 5. d3 Qf6 6. Ne2 Bb4+ 7. c3 Bd6 8. d4
Bg4 9. Ng3 Bxd1 10. Kxd1 exd4 11. e5 Qxe5 12. Be2 dxc3 13. Nxc3 Qd4+ 14. Ke1 Nf6
15. Bd2 Qb4 16. Nce4 Qxb2 17. Bc3 Bb4 18. Rd1 Nxe4 19. Bb5+ c6 20. Bxc6+ Nxc6
0-1

[Event "Challenge"]
[Site "http://www.queenalice.com/game.php?id=119572"]
[Date "2006.10.21"]
[Round "-"]
[White "ribeiroar"]
[Black "MadScot"]
[Result "0-1"]
[WhiteElo "1100"]
[BlackElo "1413"]

1. e3 e5 2. Nc3 Nf6 3. f3 d5 4. Bb5+ c6 5. Bd3 Be6 6. b3 Bc5 7. Na4 Bd6 8. Ne2
O-O 9. h4 Nbd7 10. Bb2 b5 11. Nac3 Nc5 12. Nc1 e4 13. fxe4 dxe4 14. Bf1 Bg3+ 15.
Ke2 Bg4# 0-1

[Event "Challenge"]
[Site "http://www.queenalice.com/game.php?id=119581"]
[Date "2006.10.21"]
[Round "-"]
[White "gianfelippe"]
[Black "ribeiroar"]
[Result "1-0"]
[WhiteElo "1153"]
[BlackElo "1101"]

1. e4 d6 2. Bc4 Bg4 3. Nf3 a6 4. O-O Nc6 5. Nc3 Na5 6. Be2 Rb8 7. d4 Nf6 8. Bg5
c6 9. e5 c5 10. exf6 gxf6 11. Be3 cxd4 12. Bxd4 Nc6 13. Na4 Nxd4 14. Nxd4 Bd7
15. c4 e5 16. Nf3 b5 17. cxb5 axb5 18. Nc3 b4 19. Nd5 Ra8 20. Nxb4 Rg8 21. Qd3
1-0

[Event "Let's Play Chess!"]
[Site "http://www.queenalice.com/game.php?id=122762"]
[Date "2006.10.28"]
[Round "-"]
[White "ribeiroar"]
[Black "CampbellMarcel"]
[Result "0-1"]
[WhiteElo "1057"]
[BlackElo "1696"]

1. d3 e5 2. Nd2 Nc6 3. Ne4 d5 4. Ng3 Be6 5. Be3 d4 6. Bd2 Bb4 7. a3 Bxd2+ 8.
Qxd2 Nf6 9. Nf3 Qe7 10. e3 O-O-O 11. Ng5 h6 12. Nxe6 fxe6 13. exd4 exd4 14. Be2
h5 15. Rc1 Rdf8 16. c3 Ng4 17. Nxh5 Rxf2 18. Bxg4 Rxd2 19. Kxd2 Qg5+ 20. Kc2
Qxg4 21. Ng3 dxc3 22. bxc3 Qa4+ 23. Kd2 Rf8 24. Rhe1 Rf2+ 25. Ke3 Qf4# 0-1

[Event "Challenge"]
[Site "http://www.queenalice.com/game.php?id=122772"]
[Date "2006.10.28"]
[Round "-"]
[White "ribeiroar"]
[Black "xavimg"]
[Result "0-1"]
[WhiteElo "1057"]
[BlackElo "1565"]

1. b4 e5 2. Bb2 d6 3. g3 Nf6 4. Nf3 b6 5. d3 Bb7 6. Bg2 Be7 7. Ng5 Bxg2 8. Rg1
Bd5 9. e4 Bb7 10. f3 Qc8 11. Nc3 Nh5 12. Rg2 Bxg5 13. Rf2 Nc6 14. Nd5 O-O 15.
Ne7+ Bxe7 16. d4 Nxb4 17. Qd2 Nc6 18. c3 exd4 19. g4 Bg5 20. Qxg5 Nf6 21. h3 h6
22. Qh4 Ne5 23. f4 Nd3+ 24. Ke2 Nxf2 25. Kxf2 Nxe4+ 26. Kg2 Nxc3+ 27. Kg3 c5 28.
Re1 Nxa2 29. g5 hxg5 30. Qxg5 Qc6 31. Qg4 Qg2+ 32. Kh4 Qf2+ 33. Qg3 Qxg3+ 34.
Kxg3 Rfe8 0-1

[Event "Rematch?"]
[Site "http://www.queenalice.com/game.php?id=124140"]
[Date "2006.11.1"]
[Round "-"]
[White "ribeiroar"]
[Black "MadScot"]
[Result "0-1"]
[WhiteElo "1057"]
[BlackElo "1553"]

1. e3 e5 2. Bd3 Nf6 3. Nf3 Nc6 4. Nc3 d5 5. Rg1 e4 6. Be2 exf3 7. Bxf3 Be6 8. g4
Bd6 9. d3 Ne7 10. g5 Nd7 11. Qe2 Ne5 12. Nb5 c6 13. Nxd6+ Qxd6 14. Bh5 O-O-O 15.
Bd2 g6 16. Ba5 b6 17. Bc3 gxh5 18. d4 Ng4 19. Qa6+ Kb8 20. a3 Nxh2 21. Kd2 Nf3+
22. Ke2 Nxg1+ 23. Rxg1 h4 24. Kf1 Qh2 25. Qe2 Bh3+ 26. Ke1 Qxg1+ 27. Kd2 Bg4 28.
Qd3 Qd1# 0-1

[Event "AUTO-BEG-39"]
[Site "http://www.queenalice.com/game.php?id=127936"]
[Date "2006.11.11"]
[Round "1"]
[White "ribeiroar"]
[Black "FMP"]
[Result "0-1"]
[WhiteElo "1076"]
[BlackElo "1475"]

1. e4 e5 2. d3 d6 3. Nc3 h6 4. d4 Nf6 5. Bb5+ Bd7 6. h3 Bxb5 7. Nxb5 a6 8. Na3
Nxe4 9. Qd3 Nf6 10. Be3 Be7 11. Rd1 e4 12. Qb3 d5 0-1

[Event "AUTO-BEG-39"]
[Site "http://www.queenalice.com/game.php?id=127937"]
[Date "2006.11.11"]
[Round "1"]
[White "FMP"]
[Black "ribeiroar"]
[Result "1-0"]
[WhiteElo "1475"]
[BlackElo "1076"]

1. e4 e6 2. Bb5 c6 3. Ba4 b5 4. Bb3 Qb6 5. Nf3 b4 6. d4 Qa5 7. O-O Qh5 8. c3 Bd6
9. e5 Be7 10. Nfd2 Qg6 11. Bc2 f5 12. Nc4 bxc3 13. Nxc3 1-0

[Event "AUTO-OPEN-447"]
[Site "http://www.queenalice.com/game.php?id=128319"]
[Date "2006.11.11"]
[Round "1"]
[White "ribeiroar"]
[Black "SVFinito"]
[Result "0-1"]
[WhiteElo "1076"]
[BlackElo "2118"]

1. e4 e5 2. Nc3 Nf6 3. d4 exd4 4. Nb5 a6 5. Nxd4 Nxe4 6. Bd3 Bb4+ 7. c3 Nxc3 8.
Kf1 Nxd1 9. Nc2 Qf6 10. Nf3 Nxb2 0-1

[Event "AUTO-OPEN-447"]
[Site "http://www.queenalice.com/game.php?id=128338"]
[Date "2006.11.11"]
[Round "1"]
[White "EdoVillarroel"]
[Black "ribeiroar"]
[Result "1-0"]
[WhiteElo "1747"]
[BlackElo "1076"]

1. e4 Nc6 2. Nf3 e6 3. d4 Bb4+ 4. c3 Bd6 5. Bd3 Nh6 6. Bg5 f6 7. Bxh6 gxh6 8.
Nfd2 Rg8 9. Qh5+ Rg6 10. e5 fxe5 11. Bxg6+ 1-0

[Event "AUTO-OPEN-447"]
[Site "http://www.queenalice.com/game.php?id=128339"]
[Date "2006.11.11"]
[Round "1"]
[White "ribeiroar"]
[Black "EdoVillarroel"]
[Result "0-1"]
[WhiteElo "1076"]
[BlackElo "1749"]

1. Nc3 d5 2. e4 e6 3. g3 Nf6 4. Bb5+ c6 5. Ba4 b5 6. Nxb5 cxb5 7. Bxb5+ Bd7 8.
Bd3 dxe4 9. Ba6 Nxa6 10. d3 Bc6 0-1

[Event "AUTO-OPEN-447"]
[Site "http://www.queenalice.com/game.php?id=128348"]
[Date "2006.11.11"]
[Round "1"]
[White "Enrico"]
[Black "ribeiroar"]
[Result "1-0"]
[WhiteElo "1709"]
[BlackElo "1076"]

1. d4 Nf6 2. Nf3 d6 3. Nc3 Nc6 4. Bg5 Ng4 5. h3 Nh6 6. Bxh6 gxh6 7. d5 Nb4 8. a3
Na6 9. e4 Rg8 10. Bb5+ c6 11. dxc6 Nc7 12. cxb7+ 1-0

[Event "AUTO-OPEN-447"]
[Site "http://www.queenalice.com/game.php?id=128349"]
[Date "2006.11.11"]
[Round "1"]
[White "ribeiroar"]
[Black "Enrico"]
[Result "0-1"]
[WhiteElo "1076"]
[BlackElo "1747"]

1. e4 e5 2. Nc3 Nf6 3. d4 exd4 4. Qxd4 Nc6 5. Qc4 d6 6. Nf3 Be6 7. Nd5 Bxd5 8.
exd5 Ne5 9. Qb5+ Ned7 10. Ng5 h6 11. Be2 hxg5 12. Qd3 Nc5 13. Qd4 Be7 0-1